000 00292nam a22001337a 4500
008 170315b xxu||||| |||| 00| 0 eng d
020 _a06970476403
041 _aeng
080 _a611
100 _a7
101 _aSHM
245 _aHUMAN ANATOMY AND PHYSIOLOGY
_cHOLE.J.W
942 _2udc
_cBK
999 _c7939
_d7939